Online
Catalog

Ciencia y Técnica en la metropolización de América. / (Record no. 40633)

MARC details
000 -CABECERA
campo de control de longitud fija 00687nam a2200193 a 4500
001 - NÚMERO DE CONTROL
campo de control 000041143
005 - FECHA Y HORA DE LA ÚLTIMA TRANSACCIÓN
campo de control 20201002034644.0
008 - DATOS DE LONGITUD FIJA--INFORMACIÓN GENERAL
campo de control de longitud fija 130919s1994 sp ab 001 0 spa d
020 ## - NÚMERO INTERNACIONAL ESTÁNDAR DEL LIBRO
Número Internacional Estándar del Libro 8487111327
040 ## - FUENTE DE LA CATALOGACIÓN
Centro catalogador/agencia de origen DO-SdBNP
Lengua de catalogación spa
Centro/agencia transcriptor BNPHU
082 ## - NÚMERO DE LA CLASIFICACIÓN DECIMAL DEWEY
Número de clasificación xxxx
Número de documento/Ítem xxxx
100 1# - ENTRADA PRINCIPAL--NOMBRE DE PERSONA
Nombre de persona Sala Catala
9 (RLIN) 67688
245 10 - MENCIÓN DE TÍTULO
Título Ciencia y Técnica en la metropolización de América. /
Mención de responsabilidad, etc. José Sala Catala; prólogo, Horacio Capel.
260 ## - PUBLICACIÓN, DISTRIBUCIÓN, ETC.
Lugar de publicación, distribución, etc. Madrid, :
Nombre del editor, distribuidor, etc. Doce calles
-- Consejo Superior de Investigaciones Científicas,
Fecha de publicación, distribución, etc. 1994.
300 ## - DESCRIPCIÓN FÍSICA
Extensión 346 p. :
Otras características físicas il. map. ;
Dimensiones 33 cm.
500 ## - NOTA GENERAL
Nota general Incluye notas al pie de página
500 ## - NOTA GENERAL
Nota general Incluye índice de ilustraciones
700 1# - PUNTO DE ACCESO ADICIONAL--NOMBRE DE PERSONA
Nombre de persona Capel, Horacio
Término indicativo de función/relación prol.
9 (RLIN) 15416
Holdings
Estado de retiro Estado de pérdida Restricciones de uso No para préstamo Código de colección Localización permanente Ubicación/localización actual Ubicación en estantería Fecha de adquisición Número de inventario Total de préstamos Signatura topográfica completa Código de barras Fecha visto por última vez Precio válido a partir de Tipo de ítem Koha
      Excluido de préstamo Monografías: Libros y Folletos General General En catalogación 19.09.2013 LF1   xxxx xxxx 41143-10 25.06.2020 25.06.2020 No se presta

Powered by Koha